kürzeste Dinge der Welt - Statistiken

Allgemein
  • Dieses Quiz wurde 79 mal gespielt
  • Das Durchschnittsergebnis liegt bei 7 aus 20
Antwortstatistiken
Frage Antwort % Korrekt
Wie lang ist die Strecke des PJD (kürzeste Eisenbahnverbindung ? 105 m
60%
An welchem Tag ist es draußen nur 8 Stunden hell (= kürzester Tag des Jahres) ? 22. Dezember
60%
Wie groß ist die kürzeste, bebaute Insel der Welt (Bishop Rock) ? ca. 26 km
60%
Wie groß ist der kleinste Mensch der Welt (laut dem Guiness Buch der Rekorde) ? ca. 55 cm
60%
In welchem Land befindet sich die kürzeste Flugzeuglandebahn der Welt ? Nepal
60%
Welches Säugetier besitzt die kürzeste Schwangerschaft mit ca. 11 bis 13 Tagen ? Nordopossum
60%
Wie lange dauerte der kürzeste Krieg der Geschichte (Britisch-Sansibarischer Krieg) ? 38 Minuten
40%
Wie lange hielt die kürzeste Ehe der Welt? 3 Minuten
40%
Wie viel Seiten beinhaltet die kürzeste Doktorarbeit der Welt (aus dem Jahr 2006) ? 3 Seiten
40%
Wie lange dauert der kürzeste Flug der Welt ? 47 Sekunden
40%
Welche beiden Länder besitzen die kleinste gemeinsame Grenze ? Spanien und Marokko
40%
Wie heißt das kürzeste Lied der Welt? You suffer
40%
Wie alt wird das kurzlebigste Tier der Welt (Eintagsfliege) ? 30 Minuten
20%
Wie schwer ist der kleinste Ball der Welt ? ca. 2,5 g
20%
Wie heißt das kleinste Lebewesen der Welt ? Nanoarchaeum equitans
20%
In welchem Land befindet sich die kürzeste Autobahn der Welt ? Rumänien
20%
Welche Einwohner der folgenden Länder besitzen die kleinste durschnittliche Körpergröße der Welt ? Timor-Leste
20%
Wo befindet sich die Gemeinde Y, die somit auch den kürzesten Ortsnamen der Welt beinhaltet? Frankreich
0%
In welchem Land liegt der Aril (kürzester Fluss der Welt) ? Italien
0%
In welchem Land liegt die kürzeste Distanz zwischen zwei Fußballstadien ? USA
0%
Keine übereinstimmenden Quizze gefunden
Verteilung der Resultate
Anzahl Personen mit jedem Resultat
Perzentil nach korrekt beantworteten Fragen
Ihre Resultats-Entwicklung
Sie haben dieses Quiz noch nicht gespielt